000 00538nam a2200169Ia 4500
005 20250923145910.0
008 008 250917s9999 xx 000 0 eng d
037 _aTextual
040 _aDSWL
_beng
_cDSWL
041 _aeng
_2eng
084 _qDSWL
245 0 _aCompilation of guidelines & instrenctions regarding the schemes of I.C. D.S. & functional literacy for adult
_c by Ministry of Social Welfare of India
260 _aNew Delhi
_bThe Author
_c1983
300 _avii,290p.
942 _cTEXL
999 _c1457101
_d1457101